Statistics for Football club cities in the netherlands (eredivisie

Click here to take the quiz!

General Stats

  • This quiz has been taken 302 times
  • The average score is 16 of 18

Answer Stats

HintAnswer% Correct
AjaxAmsterdam
100%
Excelsior | Feyenoord | SpartaRotterdam
99%
FC UtrechtUtrecht
96%
PSVEindhoven
96%
FC GroningenGroningen
95%
AZAlkmaar
93%
Pec ZwolleZwolle
93%
HeerenveenHeerenveen
91%
VitesseArnhem
87%
FC TwenteEnschede
86%
Willem IITilburg
86%
HeraclesAlmelo
85%
NECNijmegen
85%
ADO Den HaagThe hague
82%
Roda JCKerkrade
79%
Go Ahead EaglesDeventer
71%

Score Distribution

Percentile by Number Answered

Percent of People with Each Score

Your Score History

You have not taken this quiz